000 00804nam a2200205Ia 4500
999 _c38148
_d38148
001 4138
003 GE_BSU
005 20190925114519.0
008 181216s1968||||ge |||||||||||||| ||geo||
040 _cGE_BSU
041 _ageo
080 _a398(479.223)+821.353.1–1 ა–97
100 _aახვლედიანი, აზიზ
_92733
245 _aაჭარის რევოლუციური ხალხური პოეზია /
_cრედ. ჯემალ ჯაყელი.
264 _aბათუმი :
_bსაბჭ. აჭარა,
_c1968.
300 _a62 გვ. ;
_b17 სმ.
653 _aქართული ხალხური პოეზია
700 _aჯაყელი, ჯემალ
_eრედაქტორი
_94313
942 _cBK
_2udc